Praktická aplikácia ukazovateľa EVA v slovenských podnikoch
Ukazovateľ EVA obohacuje finančnú analýzu tým, že poskytuje odpoveď na otázku, či je podnik schopný dosahovať také výnosy z kapitálu, ktoré by prevýšili náklady na vlastný a cudzí kapitál. Na príklade dvoch fiktívnych spoločností je poukázané, akým spôsobom je možné postupovať pri kvantifikácii ukaz...
Gespeichert in:
| 1. Verfasser: | |
|---|---|
| Weitere Verfasser: | |
| Format: | Buchkapitel |
| Sprache: | Slowakisch |
| Schlagworte: | |
| Tags: |
Keine Tags, Fügen Sie das erste Tag hinzu!
|
MARC
| LEADER | 00000naa a2200000 4500 | ||
|---|---|---|---|
| 001 | 0164908 | ||
| 005 | 20240502072858.4 | ||
| 041 | 0 | |a slo | |
| 044 | |a SK | ||
| 245 | 1 | 0 | |a Praktická aplikácia ukazovateľa EVA v slovenských podnikoch |c Ľudovít Šrenkel, Marián Smorada |
| 520 | |a Ukazovateľ EVA obohacuje finančnú analýzu tým, že poskytuje odpoveď na otázku, či je podnik schopný dosahovať také výnosy z kapitálu, ktoré by prevýšili náklady na vlastný a cudzí kapitál. Na príklade dvoch fiktívnych spoločností je poukázané, akým spôsobom je možné postupovať pri kvantifikácii ukazovateľa EVA v slovenskom prostredí. | ||
| 610 | 2 | 0 | |a hodnota pridaná ekonomická |
| 610 | 2 | 0 | |a kapitál cudzí |
| 610 | 2 | 0 | |a kapitál vlastný |
| 610 | 2 | 0 | |a náklady |
| 610 | 2 | 0 | |a dane z príjmov |
| 610 | 2 | 0 | |a financie |
| 100 | 1 | |a Šrenkel, Ľudovít | |
| 700 | 1 | |a Smorada, Marián, 1984- | |